[Event "GER-ch Seniors-B 17th"]
[Site "Essen"]
[Date "2005.08.28"]
[Round "8"]
[White "Harke, Horst"]
[Black "Mechler, Rudolf"]
[Result "0-1"]
[WhiteElo "1932"]
[BlackElo "1490"]
[PlyCount "86"]
[EventDate "2005.08.20"]
[EventType "swiss"]
[EventRounds "9"]
[EventCountry "GER"]
[SourceTitle "CBM 108 Extra"]
[Source "ChessBase"]
[SourceDate "2005.11.04"]
[SourceVersion "1"]
[SourceVersionDate "2005.11.04"]
[SourceQuality "1"]

1. d4 Nf6 2. c4 g6 3. Nc3 Bg7 4. e4 d6 5. Be2 0-0 6. Nf3 e5 7. 0-0 Nc6 8. d5 Ne7 9. Ne1 Ne8 10. Be3 f5 11. f3 Nf6 12. c5 Ne8 13. Rc1 Bd7 14. b4 a5 15. b5 dxc5 16. Bxc5 Nd6 17. b6 Nec8 18. bxc7 Qxc7 19. Be3 Qd8 20. Nd3 Nc4 21. Bf2 N8d6 22. Nc5 b6 23. Nxd7 Qxd7 24. a4 Bh6 25. Rc2 Rac8 26. Bxc4 Nxc4 27. Qd3 fxe4 28. Nxe4 Qxa4 29. d6 b5 30. d7 Rcd8 31. Nc3 Qa3 32. Qd5+ Rf7 33. Kh1 Be3 34. Qc6 Qc5 35. Qxc5 Bxc5 36. Bxc5 Rfxd7 37. h4 Rd1 38. Rc1 Rxf1+ 39. Rxf1 Rd4 40. Be7 Kf7 41. Bg5 Ke6 42. Re1 Nd6 43. Kg1 b4 0-1

[Event "GER-ch Seniors-B 17th"]
[Site "Essen"]
[Date "2005.08.25"]
[Round "6"]
[White "Gensch, Manfred"]
[Black "Mechler, Rudolf"]
[Result "1-0"]
[WhiteElo "1662"]
[BlackElo "1490"]
[PlyCount "54"]
[EventDate "2005.08.20"]
[EventType "swiss"]
[EventRounds "9"]
[EventCountry "GER"]
[SourceTitle "CBM 108 Extra"]
[Source "ChessBase"]
[SourceDate "2005.11.04"]
[SourceVersion "1"]
[SourceVersionDate "2005.11.04"]
[SourceQuality "1"]

1. e4 c5 2. c3 Nc6 3. d4 e6 4. Nf3 Nf6 5. e5 Nd5 6. Bc4 Nb6 7. Bb3 Be7 8. 0-0 0-0 9. Nbd2 d5 10. exd6 Bxd6 11. Ne4 cxd4 12. Nxd6 Qxd6 13. cxd4 a5 14. Re1 Rd8 15. Be3 a4 16. Bc2 Qb4 17. a3 Qa5 18. Ng5 h6 19. Qh5 hxg5 20. Qh7+ Kf8 21. Qh8+ Ke7 22. Qxg7 Rd5 23. Be4 Nc4 24. Bxd5 Nxe3 25. Qxg5+ Kd7 26. Bxc6+ bxc6 27. Qxe3 Qd5 1-0

[Event "GER-ch Seniors-B 17th"]
[Site "Essen"]
[Date "2005.08.25"]
[Round "5"]
[White "Mechler, Rudolf"]
[Black "Angermann, Immo Frank"]
[Result "1/2-1/2"]
[WhiteElo "1490"]
[BlackElo "1676"]
[PlyCount "51"]
[EventDate "2005.08.20"]
[EventType "swiss"]
[EventRounds "9"]
[EventCountry "GER"]
[SourceTitle "CBM 108 Extra"]
[Source "ChessBase"]
[SourceDate "2005.11.04"]
[SourceVersion "1"]
[SourceVersionDate "2005.11.04"]
[SourceQuality "1"]

1. e4 c6 2. d4 d5 3. exd5 cxd5 4. c4 Nf6 5. Bg5 Ne4 6. Nf3 h6 7. Be3 e6 8. Be2 Bb4+ 9. Nbd2 Qa5 10. 0-0 Nxd2 11. Nxd2 Nc6 12. Nb3 Qd8 13. c5 Na5 14. Nxa5 Bxa5 15. Bb5+ Bd7 16. Qa4 Bc7 17. c6 bxc6 18. Bxc6 Rb8 19. b4 Bd6 20. b5 0-0 21. Qxa7 Bxc6 22. bxc6 Ra8 23. Qb7 Rb8 24. Qa6 Qc7 25. Rfc1 Rb6 26. Qa4 1/2-1/2